000 00980nam a2200253 a 4500
001 000000495
005 20200929145342.0
008 081031s2008 dr 000 0 spa d
020 _a9789945161984
020 _a9945161989
040 _aDO-SdBNP
_bspa
_cBNPHU
082 _a155.92
_bG633r
100 1 _aGómez, José Miguel
_9380
245 1 0 _aRemedios para la soledad /
_cJosé Miguel Gómez.
260 _aSanto Domingo :
_bBúho,
_c2008.
300 _a159 p. ;
_c22 cm.
490 1 _aBiblioteca
500 _aIncluye datos biográficos del autor en la solapa de la cubierta.
505 2 _aAspectos generales de la soledad -- Soledad en la postmodernidad -- Personalidad y soledad -- La soledad y sus consecuencias negativas -- La soledad y sus complicaciones -- Soledad y vejez -- Remedios para la soledad -- Bibliografía.
650 4 _aSoledad
_91645
650 4 _aSoledad
_xAspectos psicológicos
_91646
650 4 _aVida solitaria
_91647
830 0 _aBiblioteca
_91648
999 _c493
_d493